=LDR 00000nam 2200000 4500 =001 INLIS000000000008550 =005 20200520093627 =035 ##$$a 0010-061300000008550 =008 200520################g##########0#ind## =041 ##$$a Ind =082 ##$$a 2x4.05 =090 ##$$a 2x4.05, Dar b =245 1#$$a Berlebih lebihan dalam agama /$c Abud Bin Ali Bin Dar =260 ##$$a Jakarta :$b Buku Islam Rahmatan,$c 2002 =300 ##$$a 336 hlm. ; $c 23 x 15 cm =650 #4$$a Bid'ah =084 ##$$a 2x4.05 DAR b =100 #$$a Dar, Abud Bin Ali Bin =250 ##$$a cet. 1 =990 ##$$a DW00024159 =990 ##$$a 00086601 =990 ##$$a DW00024160 =990 ##$$a DW00024161